| 000 | 01156nam a2200253Ia 4500 | ||
|---|---|---|---|
| 999 |
_c36708 _d36708 |
||
| 001 | 2638 | ||
| 003 | GE_BSU | ||
| 005 | 20230915160345.0 | ||
| 008 | 181216s2009||||ge |||||||||||||| ||geo|| | ||
| 020 | _a9789941018374 | ||
| 040 | _cGE_BSU | ||
| 041 | _ageo | ||
| 080 | _a336.1/5(075.8) ჯ–41 | ||
| 100 |
_aჯიბუტი, ამირან _9911 |
||
| 245 |
_aსაჯარო ფინანსები : _b(სახელმძრვანელო) / _cამირან ჯიბუტი, რევაზ კაკულია, ლელა ბახტაძე; [რედ. ელგუჯა მექვაბიშვილი]; თსუ. |
||
| 264 |
_aთბილისი, _c2009. |
||
| 300 |
_a417 გვ.: _bსქ., ცხრ.; _c20 სმ. |
||
| 653 | _aსაჯარო ფინანსები | ||
| 700 |
_aკაკულია, რევაზ _eავტორი _9751 |
||
| 700 |
_aბახტაძე, ლელა _eავტორი _919828 |
||
| 700 |
_aმექვაბიშვილი, ელგუჯა _eრედაქტორი _919829 |
||
| 710 |
_aთსუ. _919830 |
||
| 942 |
_cBK _2udc |
||